000
00325nam a2200133Ia 4500
008
240624s9999 xx 000 0 und d
041
_a
eng
082
_a
338.4 WOM
100
_a
ROOS DANIEL
245
_a
MACHINE THAT CHANGED THE WORLD
260
_c
1990
_a
London
_b
Scribner Book Company
300
_a
340 : p.
365
_c
RS
999
_c
17328
_d
17328